Catálogo
 En Linea

Estrategia de educación ambiental para el : (Registro nro. 27317)

Detalles MARC
000 -CABECERA
campo de control de longitud fija 00704nam a2200181 a 4500
001 - NÚMERO DE CONTROL
campo de control 000027825
005 - FECHA Y HORA DE LA ÚLTIMA TRANSACCIÓN
campo de control 20260305073951.0
008 - DATOS DE LONGITUD FIJA--INFORMACIÓN GENERAL
campo de control de longitud fija 110405s2004 dr a 000 0 spa d
040 ## - FUENTE DE LA CATALOGACIÓN
Centro catalogador/agencia de origen DO-SdBNP
Lengua de catalogación spa
Centro/agencia transcriptor BNPHU
049 ## - FONDOS LOCALES (OCLC)
Fondos de biblioteca BNPD
110 2# - ENTRADA PRINCIPAL--NOMBRE DE ENTIDAD CORPORATIVA
Nombre de entidad corporativa o nombre de jurisdicción como elemento de entrada República Dominicana
Unidad subordinada Secretaría de Estado de Medio Abiemte y Recursos Naturales
9 (RLIN) 54896
245 10 - MENCIÓN DE TÍTULO
Título Estrategia de educación ambiental para el :
Resto del título para el desarrollo sustentable de la República Dominicana /
Mención de responsabilidad, etc. prólogo Frank Moya Pons.
260 ## - PUBLICACIÓN, DISTRIBUCIÓN, ETC.
Lugar de publicación, distribución, etc. Santo Domingo :
Nombre del editor, distribuidor, etc. Editora Búho,
Fecha de publicación, distribución, etc. 2004.
300 ## - DESCRIPCIÓN FÍSICA
Extensión 64 P. ;
Dimensiones 21 cm.
490 1# - MENCIÓN DE SERIE
Mención de serie Políticas y estrategía
700 1# - PUNTO DE ACCESO ADICIONAL--NOMBRE DE PERSONA
Nombre de persona Moya Pons, Frank,
Fechas asociadas al nombre 1944-
Término indicativo de función/relación pról.
9 (RLIN) 2095
830 #0 - PUNTO DE ACCESO ADICIONAL DE SERIE-TÍTULO UNIFORME
Título uniforme Políticas y estrategía
9 (RLIN) 54897
Existencias
Estado de retiro Estado de pérdida Restricciones de uso No para préstamo Código de colección Localización permanente Ubicación/localización actual Ubicación en estantería Fecha de adquisición Número de inventario Total de préstamos Signatura topográfica completa Código de barras Fecha visto por última vez Número de copia Precio válido a partir de Tipo de ítem Koha
        Dominicana de Servicio General General En catalogación 05.04.2011 LF1   27825-30 25.06.2020 e. 3 25.06.2020 Libro y Folleto Colección Dominicana de Servicio
        Dominicana de Servicio General General En catalogación 05.04.2011 LF1   27825-40 25.06.2020 e. 4 25.06.2020 Libro y Folleto Colección Dominicana de Servicio
      Excluido de préstamo Patrimonio Dominicano Patrimonio Dominicano Patrimonio Dominicano Depósito 05.04.2011 LF1   27825-10 25.06.2020   25.06.2020 Libro y Folleto Colección Patrimonio Dominicano
      Excluido de préstamo Patrimonio Dominicano Patrimonio Dominicano Patrimonio Dominicano En catalogación 05.04.2011 LF1   27825-20 25.06.2020 e. 2 25.06.2020 Libro y Folleto Colección Patrimonio Dominicano
        Dominicana de Servicio Patrimonio Dominicano Patrimonio Dominicano En catalogación 05.04.2011 LF1   27825-50 25.06.2020 e. 5 25.06.2020 Libro y Folleto Colección Dominicana de Servicio

Con tecnología Koha